000 00774nam a2200217 i 4500
001 155217
003 ES-MaACL
005 20260329063015.0
008 981016s1870 fr a |||| | fre d
100 1 _aHeiss, Aloïss,
_dn. 1820
_9127837
245 1 0 _aDescription générale des monnaies antiques de l'Espagne /
_cpar Aloïss Heiss.
260 _aParis :
_bImprimerie Nationale,
_c1870.
300 _a[4] h., 548 p., LXVIII h. de lám. :
_bil. ;
_c31 cm.
596 _aMarca tip. en port.
599 _aLas h. de lám. son de monedas.
650 4 _aNumismática-
_zEspaña.
_9140095
650 0 4 _aMonedas antiguas-
_zEspaña.
_915162
752 _aFrancia -
_dParís
852 _aES-MaACL
_jB-3822
_z-- Enc. hol.
999 _c155217
_d155217